000 04841nam a2200745 a 4500
001 500327
003 BLK
005 20240408160453.0
008 180409b bul|||||r ||||||| ||bul||
020 _a9786192453282
040 _aBLK
041 _aBUL
_cBUL
080 _aБългарска литература(изследвания)
_b821.163.2.09
_z821.163.2.09
_9393824
080 _aБългарска литература
_b821.163.2
_x(092)
_z821.163.2(092)
_9227592
080 _aБиографии - България
_b929(497.2)
_z929(497.2)
_9389369
084 _aГ 77
100 1 _aГранитски, Иван
_qДимитров, Иван Йорданов
_d1953-
_gЖурналист, литературен критик, теоретик и историк, поет, публицист и издател.
_955767
245 _aЕнергията на българския дух
_cИван Гранитски.
257 _aBGR
260 _aСофия
_bАкад. изд. Проф. Марин Дринов
_c2023
_9209388
300 _a599 с.
_bс портр.
_c24 см
380 _a82
500 _aИван Гранитски - псевд. на авт. Иван Йорданов Димитров
505 _gГеорги Раковски - избухването на националнат и социалната енергия
505 _gЛюбен Каравелов - страстта на разума
505 _gДобри Чинтулов - поетичната искра на любородието
505 _gВасил Левски - Внимателно бързайте!
505 _gХристо Ботев - великата национална душа
505 _gИван Вазов - енергията на българския дух
505 _gЗахари Стоянов - огнената полемика на Летописеца
505 _gМагичната привлекателност на Яворовото слово
505 _gДимчо Дебелянов - поезия и национална съдба
505 _gГео Милев и трагиката на националната съдба
505 _gНикола Вапцаров - апотеоз на безстрашната вяра
505 _gСамотният мечтател Александър Вутимски
505 _gОбразът на града в ранната поезия на Богомил Райнов
505 _gАлександър Геров - скитник между живота и смъртта
505 _gДраматичният лиризъм на Веселин Ханчев
505 _gСловестните храмове на Валери Петров
505 _gПавел Матев - светлата печал на спомена
505 _gЛиляна Стефанова - неуморимата жрица на словото
505 _gПеньо Пенев - поет на възторга и покрусата
505 _gДимитър Талев - крепител на националното самосъзнание
505 _gНиколай Хайтов - художникът воин
505 _gАнтон Дончев - свещенослужител в храма на българското слово
505 _gГеорги Джагаров - човекът в огледалото на историята
505 _gСтанка Пенчева - Огънят на страстта и съзерцанието на Вечността
505 _gАндрей Германов - яростното слънце на надеждата
505 _gЛюбомир Левчев - последният, който не избяга от Помпей
505 _gСтефан Цанев - Нека вечно изгаряме като звезди
505 _gХристо Фотев - живата метафора на поезията
505 _gПанко Анчев - Литературният процес като въплъщение на националния дух
650 0 _9261900
_aБългарска литература, 1878-1944 г. - теми, образи, сюжети
650 7 _9163472
_aНародопсихология
650 0 _9250544
_aПисатели, български - творчество
650 0 _9244446
_aБългария - литературознание
852 _aЦб 321285
_bЦб
942 _cKNG
_n0
944 _cСевдалина Тодорова
_k30560
_lГеновева Генчева
999 _c500327
_d500327
999 _d500327
999 _d500327
999 _d500327
999 _d500327